000 03075nam0a2200385 4500
001 RU\NLR\BIBL_A\012834752
005 20221122190541.0
010 _a978-5-00044-863-2
_960
021 _aRU
_bКН-П-22-024501
_9КН-П-22-2093
035 _a(NLR Aleph) 012834752
035 _a(RuMoRGB)011046286
090 _a12373623
_c12373623
100 _a20220630d2021 k y0rusy50 ca
101 0 _arus
102 _aRU
105 _ay z 110zy
181 0 _ai
_baxxe
182 0 _an
200 1 _aДиалог на равных
_eматериалы региональной научно-практической конференции, посвященной 90-летию Воронежского государственного педагогического университета, 10 декабря 2021 года, г. Воронеж
_fМинистерство просвещения Российской Федерации, Федеральное государственное бюджетное образовательное учреждение высшего образования "Воронежский государственный педагогический университет", Естественно-географический факультет
_gредколлегия: д.б.н., профессор А. Н. Ершова [и др.]
203 _aТекст
_bвизуальный
_cнепосредственный
210 _aВоронеж
_cВоронежский государственный педагогический университет
_d2021
215 _a150 с.
_d21
320 _aБиблиогр. в конце докл.
330 _aВ сборник вошли материалы по актуальным проблема методики преподавания предметов естественно-научного цикла. Материалы научно-практической конференции предназначены для преподавателей высших учебных заведений, аспирантов, студентов, методистов, учителей общеобразовательной школы и педагогов учреждений дополнительного образования
606 1 _aЕстественные науки
_jСъезды, совещания и т.п
_xПреподавание
_92165070
_3RU\NLR\AUTH\661302764
675 _a378.637(470.324)(082)
_v4
686 1 _aЧ426.23я431
686 1 _aЧ486.23я431
702 1 _aЕршова
_bА. Н.
_gАнтонина Николаевна
_4000
712 0 2 _4570
_aВоронежский государственный педагогический университет
_bЕстественно-географический факультет
_9570369
_3RU\NLR\AUTH\880453382
942 _cBOOK
980 _aNB